Water and wastewater engineering : (Record no. 75993)

MARC details
000 -LEADER
fixed length control field 00799nam a22002417a 4500
005 - DATE AND TIME OF LATEST TRANSACTION
control field 20130528111145.0
010 ## - LCCN (DPL NO)
LC control number ENG-107270
020 ## - INTERNATIONAL STANDARD BOOK NUMBER
International Standard Book Number 9781259064838
Terms of availability 699.00
020 ## - INTERNATIONAL STANDARD BOOK NUMBER
International Standard Book Number 1259064832
Terms of availability 699.00
035 ## - SYSTEM CONTROL NUMBER
System control number EN-90803
037 ## - SOURCE OF ACQUISITION
Source of stock number/acquisition DBAD/PUB
082 ## - DEWEY DECIMAL CLASSIFICATION NUMBER
Classification number 628.1
100 ## - MAIN ENTRY--PERSONAL NAME
Personal name Davis, Mackenzie L.
Dates associated with a name 1941-
245 ## - TITLE STATEMENT
Title Water and wastewater engineering :
Statement of responsibility, etc by Mackenzie L.Davis
Remainder of title design principles and practice /
260 ## - PUBLICATION, DISTRIBUTION, ETC. (IMPRINT)
Place of publication, distribution, etc New Delhi
Name of publisher, distributor, etc Tata McGraw Hill
Date of publication, distribution, etc c2013
270 ## - ADDRESS
Address P-24, Green Park Extension
City New Delhi
Postal code 110016
300 ## - PHYSICAL DESCRIPTION
Extent various pagings.:
Dimensions 25cm(pbk)
Other physical details ill.
500 ## - GENERAL NOTE
General note Includes bibliographical references and index.
650 ## - SUBJECT ADDED ENTRY--TOPICAL TERM
Topical term or geographic name as entry element Water-supply.
650 ## - SUBJECT ADDED ENTRY--TOPICAL TERM
Topical term or geographic name as entry element Water
General subdivision Purification.
650 ## - SUBJECT ADDED ENTRY--TOPICAL TERM
Topical term or geographic name as entry element Sewage
General subdivision Purification.
942 ## - ADDED ENTRY ELEMENTS (KOHA)
Source of classification or shelving scheme Dewey Decimal Classification
Item type English Books
Call number suffix DAV
Classification part 628.1
Holdings
Withdrawn status Lost status Not for loan Collection code Home library Current library Date acquired Source of acquisition Cost, normal purchase price Full call number Barcode Copy number Cost, replacement price Koha item type
    Not For Loan Non-fiction D.B.Act.Division D.B.Act.Division 23/05/2013 DBAD / PUB 699.00 628.1 DAV EN-90803 1 699.00 English Books

© Delhi Public Library
Hit Counter
free hit counter